000 00589nam a2200217 i 4500
001 67673
003 ES-MaACL
005 20240228152548.0
007 t|
008 020425s2003 sp ||||1| spa d
020 _a84-921721-7-7
080 _a058.7(460)
245 0 0 _aQuién es quién en España.
250 _aEd. 2003.
260 _aAlcobendas (Madrid) :
_bCampillo,
_c2003.
300 _a1438 p. ;
_c19 cm.
650 1 4 _aEspañoles-
_yS.XXI-
_vBiografías.
_912483
651 4 _aEspaña-
_vDirectorios
_98188
852 _aES-MaACL
_jL-27925
_bR.132891
999 _c67673
_d67673